[Event "FTX Crypto Cup Prelims 2021"]
[Site "Chess24"]
[Date "2021.05.18"]
[Round "1.1"]
[White "Svidler, Peter"]
[Black "Aronian, Levon"]
[Result "1-0"]
[WhiteElo "2742"]
[BlackElo "2778"]
[Annotator "TA"]
[PlyCount "103"]
[EventDate "2021.05.23"]
[EventType "tourn"]
[EventCountry "NET"]
[Tiebreak "Koya+Number of black wins+Number of wins"]
[SourceTitle "playchess.com"]
[Source "ChessBase"]
[SourceQuality "1"]

{[%evp 12,103,14,8,19,6,19,15,17,19,15,-40,-28,-40,-30,-47,-32,-32,-46,-68,-18,
-188,-102,-103,-98,-90,-86,-80,-77,-106,-93,-102,-104,-120,-116,-122,-72,-115,
-93,-93,-101,-185,-174,-175,-91,-246,-246,-270,-203,-428,-408,-392,-413,-417,
-413,-403,-332,-342,-255,-260,-244,-414,-413,-392,-375,-439,-453,-440,-288,
-758,-742,-796,-786,-678,-459,-434,-278,-278,-278,-278,-239,-278,-278,-278,
-256,-278,0,-2,-13,-18,29983,29984,29980,29981]} 1. e4 e5 2. Nf3 Nc6 3. Bc4 Bc5
4. c3 Nf6 5. d3 d6 6. O-O O-O 7. Re1 $1 {[%mdl 4] is more profitable than 7.
Bb3 at the moment.} a5 {C54: Giuoco Piano: 4 c3 Nf6, main lines with 5 d4 and
5 d3.} 8. Nbd2 Be6 9. Bb5 Qb8 {The position is equal.} 10. Nf1 Qa7 {[#]} 11. d4
$1 $146 {[%mdl 8] A top novelty.} ({White should play} 11. Be3 $11 Bb6 12. d4)
({Predecessor:} 11. Be3 Bxe3 12. Nxe3 Ne7 13. a4 h6 14. Bc4 Bxc4 15. Nxc4 Ng6
16. g3 Rfe8 17. Qb3 {0-1 (65) Karjakin,S (2757)-Tari,A (2639) chess24.com INT
2021}) 11... exd4 $15 12. Bxc6 {[%cal Rc3d4]} dxc3 13. Ba4 $1 {And now Qc2
would win.} Bxf2+ 14. Kh1 Bxe1 15. Qxe1 Ng4 16. h3 $2 {[#]} (16. bxc3 $11 {
and White stays safe.} Nf2+ 17. Kg1 Nxe4+ 18. Nd4) 16... Nf2+ (16... Qf2 $1 $19
17. bxc3 Qxe1 18. Nxe1 Nf2+ {[%mdl 64] Double Attack} 19. Kh2 Nxe4) 17. Kh2 $17
cxb2 18. Bxb2 Nd3 19. Qc3 {[%csl Gb2][%cal Rc3g7]} Nxb2 20. Qxb2 Qc5 21. a3 d5
22. Rc1 Qe7 23. e5 c5 24. Ne3 Rfd8 25. Bb5 a4 26. Qf2 (26. Kh1 $17 {might work
better.}) 26... Ra5 $19 27. Bd3 g6 (27... c4 $19 28. Bf5 Rb5) 28. Bb1 (28. Rb1
$17 {was worth a try.}) 28... d4 29. Nf1 c4 30. Nxd4 $2 (30. Ng3) 30... Qc5 31.
Rd1 Qxe5+ 32. Ng3 {White wants to play Nc6!} Rad5 {[%cal Rd5d4]} 33. Nf3 Qd6
34. Re1 b5 35. Be4 Qc5 ({Inferior is} 35... Qxa3 36. Bxd5 Rxd5 37. Ne4 $11) 36.
Qb2 (36. Qc2 Qxa3 37. Bxd5 Bxd5 38. Nd4) 36... c3 37. Qc1 {[#]} Rd2 {[%mdl 512]
} 38. Rf1 (38. Rg1 Rf2) 38... Bc4 39. Rg1 Qe3 {Threatens to win with ...f5.}
40. Bc6 $2 (40. Re1 Qc5 41. Rg1) 40... f5 41. Re1 Qf2 {[%csl Gd2][%cal Rf2g2]}
42. Rg1 c2 {...Rd1 is the strong threat.} 43. Nxd2 Rxd2 44. Bf3 Qd4 45. Re1 Kf7
46. Nf1 Bxf1 47. Rxf1 Qc3 48. Kh1 Kg7 $2 (48... b4 $19 {aiming for ...b3.} 49.
axb4 a3) 49. Qe1 $11 Kf8 50. Bc6 $1 {[#]} Rd1 $2 {[%mdl 8192]} 51. Qxc3 Rxf1+
52. Kh2 {Weighted Error Value: White=0.38/Black=0.51} 1-0

[Event "FTX Crypto Cup Prelims 2021"]
[Site "Chess24"]
[Date "2021.05.18"]
[Round "1.2"]
[White "Caruana, Fabiano"]
[Black "Firouzja, Alireza"]
[Result "1/2-1/2"]
[WhiteElo "2773"]
[BlackElo "2703"]
[Annotator "TA"]
[PlyCount "86"]
[EventDate "2021.05.23"]
[EventType "tourn"]
[EventCountry "NET"]
[Tiebreak "Koya+Number of black wins+Number of wins"]
[SourceTitle "playchess.com"]
[Source "ChessBase"]
[SourceQuality "1"]

{[%evp 9,86,22,28,22,35,29,37,31,46,0,17,0,0,0,0,0,5,0,0,0,0,0,0,0,2,8,0,0,0,0,
0,-156,-147,-158,-156,-145,-146,-265,-20,-20,-19,-20,-6,-7,0,0,0,0,0,0,0,0,0,0,
0,0,0,0,0,0,0,0,0,-22,-8,-11,0,0,0,0,0,0,0,0,0,0,0,0,0]} 1. c4 f5 2. Nc3 Nf6 3.
d3 e5 4. g3 Bc5 5. Bg2 d6 6. e3 {A10: English Opening: Unusual Replies for
Black.} Nc6 7. Nge2 a6 8. d4 {White is slightly better.} Ba7 {[#]} 9. b4 $146 (
{Predecessor:} 9. b3 Qe7 10. O-O Nd8 11. dxe5 dxe5 12. e4 O-O 13. Be3 c6 14.
Bxa7 Rxa7 15. Qd3 {1/2-1/2 (26) Shankland,S (2717)-Mareco,S (2643) Montevideo
2018}) 9... O-O 10. b5 axb5 11. cxb5 Na5 12. dxe5 dxe5 13. Ba3 Qxd1+ 14. Rxd1
Re8 15. Bb4 Bb6 16. Nd5 Nxd5 17. Bxd5+ Be6 18. O-O Bxd5 19. Rxd5 Nc4 20. Nc3 {
[#]} (20. Ra1 $11) 20... c6 $1 $17 {[%cal Rc6d5]} 21. bxc6 bxc6 {[%cal Bb7c6,
Bc6c5][%mdl 32]} 22. Rd7 c5 23. Rb1 {[#]} (23. Rc1 $17 cxb4 24. Nd5) 23... Red8
$2 ({Inferior is} 23... cxb4 24. Rxb4 Rac8 25. Nd5 $11) (23... e4 $1 $19 24.
Bxc5 Bxc5) 24. Rxd8+ $11 {The position is equal.} Rxd8 25. Ba3 $1 Ba5 26. Nb5
Rb8 {White must now prevent ...Bb4!} 27. Bxc5 Nd2 28. Rb2 Bc3 29. Ba7 Rb7 30.
Rc2 Nf3+ 31. Kf1 Rxb5 32. Rxc3 {[%mdl 4096] Endgame KRB-KRN} Rb1+ 33. Kg2 e4
34. Rc8+ Kf7 35. Rc7+ Kg6 36. h4 Kh6 37. Bc5 g6 {And now ...Kh5 would win.} 38.
Ba3 Rg1+ 39. Kh3 Rh1+ 40. Kg2 Ra1 41. Kh3 {Intending Bf8+ and mate.} Rh1+ 42.
Kg2 Rg1+ 43. Kh3 {Threatening mate with Bf8+.} Rh1+ {Weighted Error Value:
White=0.18/Black=0.16} 1/2-1/2

[Event "FTX Crypto Cup Prelims 2021"]
[Site "Chess24"]
[Date "2021.05.18"]
[Round "1.4"]
[White "Mamedyarov, Shakhriyar"]
[Black "Carlsen, Magnus"]
[Result "0-1"]
[WhiteElo "2761"]
[BlackElo "2881"]
[Annotator "TA"]
[PlyCount "106"]
[EventDate "2021.05.23"]
[EventType "tourn"]
[EventCountry "NET"]
[Tiebreak "Koya+Number of black wins+Number of wins"]
[SourceTitle "playchess.com"]
[Source "ChessBase"]
[SourceQuality "1"]

{[%evp 15,106,0,0,0,10,0,37,28,29,22,22,14,12,0,0,0,0,-31,-29,-54,-57,-57,-57,
-31,-46,-62,-39,-109,-88,-64,-45,-45,-45,-47,-46,-109,-95,-146,-142,-141,-60,
-175,-163,-168,-169,-210,-221,-210,-211,-228,-225,-216,-204,-193,-76,-70,-79,
-88,0,0,0,0,7,32,213,223,179,101,601,588,484,210,198,-582,-575,-745,-715,-706,
-708,-710,-709,-693,-668,-765,-732,-727,-727,-680,-514,-690,-678,-29984,-29985]
} 1. Nf3 d5 2. g3 c6 3. Bg2 Bg4 4. d3 Nd7 5. Nbd2 e6 6. e4 Bd6 7. h3 Bh5 8. O-O
Ne7 9. d4 {A07: Réti Opening: New York and Capablanca Systems.} O-O 10. Re1 b5
{[#]} 11. a4 $146 {White is slightly better.} ({Predecessor:} 11. c3 Qb6 12.
Nb3 Rae8 13. Bg5 h6 14. Bd2 Qb8 15. a4 b4 16. c4 dxc4 17. Na5 {0-1 (46) Sunye
Neto,J (2525)-Granda Zuniga,J (2620) Sao Paulo 1995}) 11... b4 12. c4 bxc3 13.
bxc3 Rb8 14. e5 Bc7 15. Ba3 c5 16. Nb3 c4 17. Nc5 Nxc5 18. Bxc5 Ba5 19. Qc1 Qd7
20. Nh4 Rfe8 21. f4 (21. Qd2 $15) 21... Rb3 22. Re3 Bg6 23. Nxg6 hxg6 24. g4
Reb8 25. Qe1 ({Better is} 25. Rf3 $15) 25... Rb2 $17 26. Qh4 (26. Bf3 $142)
26... Bd8 27. Qe1 Nc6 (27... R8b3 $1 $17 28. Bf1 Ba5) 28. Kh1 (28. Ba3 $1 $15)
28... Be7 29. Bxe7 Qxe7 (29... Nxe7 30. Re2 $17) 30. Qg3 Rb1+ 31. Rxb1 Rxb1+
32. Kh2 Qa3 $1 33. f5 Qc1 $1 {[%csl Gb1][%cal Rc1g1]} (33... Qxa4 34. Rf3 $17)
(33... gxf5 34. gxf5 Qc1 35. h4 $11) (33... exf5 $2 34. e6 $18) 34. h4 gxf5 (
34... Rb3 $1 $19 {and Black stays clearly on top. White must now prevent ...
Nxd4!} 35. Rf3 Nxd4 36. cxd4 Rxf3 37. Bxf3 (37. Qxf3 $2 c3 $19) 37... c3 38.
fxe6 fxe6) 35. gxf5 {Threatens to win with f6.} Ne7 (35... exf5 $2 36. e6 $18)
36. fxe6 Nf5 $40 {[%mdl 128] Black is up to no good.} (36... fxe6 $17 37. Rf3
Rb2) 37. e7 $11 {[%cal Re7e8]} Rb8 38. Re1 Qd2 {[#]} 39. Rb1 $1 {[%cal Rb1b8]}
Re8 (39... Nxg3 $14 40. Rxb8+ Kh7 41. Rh8+ {[%mdl 64] Decoy} (41. Kxg3 g5 $11)
(41. e8=Q Qf4 $11) 41... Kxh8 42. e8=Q+ {[%mdl 64] Double Attack} Kh7 43. Qxf7
(43. Kxg3 Qe1+ 44. Kh2 Qxh4+ 45. Bh3 Qf2+ 46. Kh1 Qe1+ 47. Kh2 Qf2+ 48. Bg2
Qh4+ 49. Bh3 Qf2+ $11) 43... Ne4) 40. Qg5 $18 Ne3 41. Kh1 ({White should play} 
41. Rg1 $18 {Hoping for Kh1.} g6 42. Kh1) 41... Qxc3 $2 {[%mdl 8192]} (41...
Qc2 $16 42. Rg1 Nd1) 42. e6 $1 {[%cal Re6f7]} Qxd4 {Strongly threatening ...c3.
} 43. exf7+ ({Not} 43. Re1 Nxg2 44. exf7+ Kxf7 $11) (43. Bf3 $142) 43... Kxf7 {
[#]} 44. Bf3 $4 {[%mdl 8192]} (44. h5 $1 $18 {is the narrow road to win.
Threatening mate with Qg6+.} Kg8 45. Qg6 Qh4+ {[%mdl 64] Double Attack} 46. Kg1
Qxe7 {[#]} 47. Rb7 $1 {[%mdl 64] Deflection} Qxb7 48. Qxe8+ {[%mdl 64] Double
Attack} Kh7 49. Qxe3) 44... Rxe7 $19 45. Bh5+ Ke6 46. Qg6+ Qf6 47. Qg3 Qe5 48.
Qg6+ Kd7 49. Bf3 Qe6 50. Qg3 Qd6 51. Qg5 Kc7 52. Re1 Qe5 53. Qg6 Qf4 {[%mdl 64]
Double Attack.  Weighted Error Value: White=0.37/Black=0.33} 0-1

[Event "FTX Crypto Cup Prelims 2021"]
[Site "Chess24"]
[Date "2021.05.18"]
[Round "1.5"]
[White "Nepomniachtchi, Ian"]
[Black "Dubov, Daniil"]
[Result "1-0"]
[WhiteElo "2778"]
[BlackElo "2770"]
[Annotator "TA"]
[PlyCount "95"]
[EventDate "2021.05.23"]
[EventType "tourn"]
[EventCountry "NET"]
[Tiebreak "Koya+Number of black wins+Number of wins"]
[SourceTitle "playchess.com"]
[Source "ChessBase"]
[SourceQuality "1"]

{[%evp 9,95,-4,15,-12,0,-15,-5,-33,-22,-40,8,-4,0,0,0,-6,26,19,26,30,32,11,17,
13,7,18,101,101,101,100,134,19,26,25,20,18,24,16,27,13,35,13,27,22,22,0,22,24,
70,43,129,129,137,121,136,124,155,153,152,145,144,152,209,164,212,184,208,192,
279,296,276,283,266,248,275,305,304,293,631,643,583,784,795,542,1058,985,934,
934]} 1. d4 Nf6 2. Nc3 d5 3. Bf4 g6 4. Nb5 Na6 5. e3 Bg7 6. Nf3 {D00: 1 d4 d5:
Unusual lines.} O-O {6...0-0 is better than 6...c6.} 7. h3 Ne4 8. c3 {The
position is equal.} c6 9. Na3 Nb8 10. Be2 {[#]} Bf5 $146 ({Predecessor:} 10...
b6 11. O-O Bb7 12. c4 e6 13. Rc1 Nd7 14. Nb1 c5 15. cxd5 Bxd5 16. Nc3 Nxc3 17.
bxc3 cxd4 18. cxd4 Bxa2 {1-0 (58) Xiong,J (2709)-Theodorou,N (2554) Chess.com
INT 2020}) 11. O-O Nd7 12. c4 Nb6 13. Rc1 c5 14. Be5 Bxe5 15. dxe5 (15. Nxe5 {
feels hotter.} dxc4 16. Naxc4 cxd4 17. exd4 Rc8 18. Re1) 15... dxc4 16. Nxc4
Qxd1 17. Rfxd1 Na4 (17... Rad8 $11) 18. g4 $16 Be6 19. Bd3 Bxc4 20. Bxc4 ({
White must play} 20. Bxe4 $16 {Black must now prevent b3.} Bxa2 21. Rd7 (21.
Bxb7 Rad8 $14)) 20... Rad8 21. Rxd8 Rxd8 22. Rc2 Nb6 23. Kg2 Kg7 24. Be2 Rd5
25. a3 a5 26. Bc4 Rd1 27. Be2 Rd5 28. Kf1 e6 29. Ke1 Kf8 {[#] Black is on the
road to losing.} ({Black should play} 29... f5 $14) 30. Bf1 $1 Rd7 31. Ng1 c4
32. Bxc4 Nc5 33. Be2 Nd3+ 34. Bxd3 Rxd3 {[%mdl 4096] Endgame KRN-KRN} 35. Nf3
Rd7 (35... Rd5 $16 36. Ke2 h6) 36. Nd4 g5 37. Ke2 h6 38. Nb5 Ke7 (38... f6 {
was necessary.} 39. exf6 Kf7) 39. Nd6 $18 f6 40. f4 gxf4 41. exf4 Nd5 42. Kf3
fxe5 43. fxe5 a4 $2 (43... Nc7 44. Ke4 (44. Nxb7 Nb5 $11) 44... Ne8 45. Nc8+
Kf8) 44. Rc8 {[%csl Gd6][%cal Rc8e8] [#]White is clearly winning.} Rd8 45. Rxd8
Kxd8 46. Nxb7+ Ke7 47. Nc5 Nb6 48. Ke4 {Weighted Error Value: White=0.10/
Black=0.27} 1-0

[Event "FTX Crypto Cup Prelims 2021"]
[Site "Chess24"]
[Date "2021.05.18"]
[Round "1.6"]
[White "So, Wesley"]
[Black "Grischuk, Alexander"]
[Result "1-0"]
[WhiteElo "2741"]
[BlackElo "2784"]
[Annotator "TA"]
[PlyCount "117"]
[EventDate "2021.05.23"]
[EventType "tourn"]
[EventCountry "NET"]
[Tiebreak "Koya+Number of black wins+Number of wins"]
[SourceTitle "playchess.com"]
[Source "ChessBase"]
[SourceQuality "1"]

{[%evp 11,117,32,33,39,36,43,25,25,26,31,38,20,37,22,34,0,0,0,0,0,0,0,0,0,0,0,
0,-43,0,0,0,0,0,0,0,0,0,0,0,0,22,9,14,10,52,63,77,82,87,52,49,62,56,63,112,0,
30,0,122,139,149,152,155,150,151,150,157,62,72,0,176,160,160,109,137,117,100,0,
0,0,34,41,381,369,382,369,334,341,194,56,430,430,430,430,418,426,430,430,422,
418,420,0,0,0,410,331,410,398]} 1. d4 d5 2. c4 e6 3. Nc3 c5 4. cxd5 cxd4 5.
Qxd4 Nc6 6. Qd1 exd5 7. Qxd5 {D32: Tarrasch Defence: Sidelines and lines
without g3.} Bd6 {7...Be6 is a critical line.} 8. Bg5 Nge7 9. Qd2 {White has
an edge.} h6 {[#]} 10. Rd1 $1 hxg5 11. Qxd6 Qb6 12. Qa3 {[#]} O-O $146 ({
Predecessor:} 12... Be6 13. e3 O-O 14. Bd3 {1-0 (14) Ropokis,D-Neelmeier,S 
(1748) ICCF email 2016}) 13. e3 Nb4 14. Qa4 Bf5 15. e4 Be6 16. a3 Na2 17. Nxa2
Bxa2 18. Qb5 Qe6 19. Bd3 (19. Qxg5 Qxe4+ 20. Qe3 Qa4 $15) (19. Qxb7 $2 Rfb8 $19
) 19... Rfd8 (19... Ng6 $5 {[%cal Rg6f4]} 20. Nh3 (20. Qxg5 Rad8 $11) (20. Qxb7
Bb3 $19) 20... g4 $11) 20. Ne2 Nc6 {Threatens to win with ...Ne5.} 21. O-O (21.
Qxb7 $2 Rab8 $19) 21... Ne5 22. Nc1 Nxd3 23. Nxa2 (23. Nxd3 Bc4 $17) 23... a6
24. Qxb7 Nf4 {And now ...Rxd1 would win.} 25. Nc3 {Black must now prevent h3.}
Rdb8 26. Qd7 Rxb2 27. Qxe6 fxe6 (27... Nxe6 {is interesting.} 28. Nd5 a5 29.
Ra1 Rab8 30. f3 f6) 28. g3 Ng6 29. Rd6 Kf7 30. Rd7+ Kf6 31. Rc7 {aiming for
Na4.} Rd8 32. Rc6 Kf7 33. Rc7+ (33. Na4 $16 Rbb8 34. Rc7+ (34. Rxa6 Ra8 $16)
34... Kf6 35. Nc5) 33... Kf6 $11 34. Rc6 (34. Ra7 $11) 34... Kf7 $16 35. Na4 $1
$36 {[%cal Ra4b2][%mdl 2048] White is on the roll.} Re2 36. Nc5 Ne5 37. Rxa6 (
37. Rxe6 $6 Nf3+ 38. Kg2 Ne1+ 39. Kh1 Rdd2 $14) 37... Nf3+ 38. Kg2 g4 39. Ra7+
({Inferior is} 39. Rxe6 Nd2 $11) (39. Nxe6 $16 Rdd2 40. h4) 39... Kf6 $14 40.
Ra6 ({Better is} 40. h4 $16) 40... Rdd2 $2 (40... Kf7 $11) 41. Nxe6 $18 ({
And not} 41. Rxe6+ Kf7 $11) 41... Kf7 42. Nf4 (42. h4 $142) 42... Rxe4 43. h3 {
Hoping for Ra7+.} Ne1+ 44. Rxe1 Rxe1 $11 45. hxg4 $16 {[%mdl 4096] Endgame
KRR-KRN} Ra2 46. g5 Kf8 $2 {[%mdl 8192]} (46... Rd2 $14) 47. g6 $1 $18 Re8 48.
Ne6+ Kg8 {[#]} 49. Ra7 $1 Kh8 {[#]} (49... Rb2 $142 50. Rxg7+ Kh8) 50. Nd4 ({
Weaker is} 50. Nxg7 Rg8 $14) (50. Rf7 $1 $18) 50... Rf8 $2 {[%mdl 8192] [#]} (
50... Rb2 $1 $14) 51. Nf5 $1 {[%mdl 512] Rf7 is the strong threat.} Rb2 52. g4
Rg8 53. Re7 Rb6 54. Re1 {[%cal Re1h1]} Rgb8 55. Rh1+ $1 Kg8 {[#]} 56. Rd1 $2 (
56. Ne7+ $1 $18 Kf8 57. Nd5) 56... Kf8 $11 57. Rh1 $2 {[%mdl 8192]} (57. Nh4
$11) 57... Kg8 $18 {[#]} 58. Ne7+ $1 Kf8 59. Nd5 {[%cal Rh1h8] Weighted Error
Value: White=0.21/Black=0.34} 1-0

[Event "FTX Crypto Cup Prelims 2021"]
[Site "Chess24"]
[Date "2021.05.18"]
[Round "1.7"]
[White "Vachier-Lagrave, Maxime"]
[Black "Ding, Liren"]
[Result "1/2-1/2"]
[WhiteElo "2860"]
[BlackElo "2836"]
[Annotator "TA"]
[PlyCount "79"]
[EventDate "2021.05.23"]
[EventType "tourn"]
[EventCountry "NET"]
[Tiebreak "Koya+Number of black wins+Number of wins"]
[SourceTitle "playchess.com"]
[Source "ChessBase"]
[SourceQuality "1"]

{[%evp 15,79,22,25,20,25,20,20,30,30,29,32,40,36,26,23,19,28,17,15,31,36,14,40,
21,19,21,25,22,18,0,0,0,0,0,0,0,0,0,0,0,0,0,0,0,0,0,0,-6,0,0,0,0,0,0,0,0,0,0,0,
0,0,0,0,0,0,0]} 1. e4 c6 2. d4 d5 3. e5 Bf5 4. Nf3 e6 5. Be2 c5 6. Be3 cxd4 7.
Nxd4 Ne7 8. O-O $1 {[%mdl 4] is more profitable than 8.Nd2 at the moment.} Nbc6
9. Bb5 {B12: Caro-Kann: Advance Variation.} a6 10. Bxc6+ bxc6 11. c4 Qd7 12.
Nc3 dxc4 13. Na4 {Hoping for Nb6.} Nd5 14. Nxf5 exf5 15. Rc1 c3 16. Nxc3 Nxe3
17. fxe3 g6 18. Qxd7+ Kxd7 19. Rfd1+ Ke7 20. Ne2 {[#]} Bh6 $146 ({Predecessor:
} 20... Bg7 21. Nd4 Bxe5 22. Nxc6+ Kf6 23. Nxe5 Kxe5 24. Rc5+ Kf6 25. b4 Rae8
26. Kf2 Re6 {1/2-1/2 (35) Van Tricht,M (2312)-Marbourg,D (2268) ICCF email 2017
}) 21. Kf2 ({Don't play} 21. Rxc6 Bxe3+ 22. Kf1 Rhd8 $15) 21... Rhc8 {The
position is equal.} 22. Rc5 Rab8 23. b3 Rb5 24. Rdc1 Kd7 25. Nd4 Rxc5 26. Rxc5
$11 {[%mdl 4096] Endgame KRB-KRN} Bf8 27. Rc4 c5 28. Nf3 Ke6 29. Ke2 h6 30. h3
Bg7 31. b4 Bxe5 32. bxc5 Bg7 33. Ra4 Rxc5 34. Rxa6+ Ke7 35. Ne1 Rc1 36. Ra7+
Kf8 37. Ra8+ Ke7 38. Ra7+ Kf8 39. Ra8+ Ke7 40. Ra7+ {Weighted Error Value:
White=0.02/Black=0.01} 1/2-1/2

[Event "FTX Crypto Cup Prelims 2021"]
[Site "Chess24"]
[Date "2021.05.18"]
[Round "1.8"]
[White "Pichot, Alan"]
[Black "Giri, Anish"]
[Result "0-1"]
[WhiteElo "2533"]
[BlackElo "2731"]
[Annotator "TA"]
[PlyCount "64"]
[EventDate "2021.05.23"]
[EventType "tourn"]
[EventCountry "NET"]
[Tiebreak "Koya+Number of black wins+Number of wins"]
[SourceTitle "playchess.com"]
[Source "ChessBase"]
[SourceQuality "1"]

{[%evp 10,64,27,35,31,26,34,27,38,34,23,22,24,14,17,16,26,22,13,12,28,-46,-43,
-205,-202,-212,-231,-211,-215,-299,-278,-305,-317,-401,-420,-422,-426,-429,
-407,-432,-428,-493,-493,-491,-487,-487,-486,-481,-485,-485,-478,-531,-506,
-465,-463,-551,-544]} 1. e4 c5 2. Nf3 Nc6 3. d4 cxd4 4. Nxd4 e5 5. Nb5 d6 6. c4
g6 {B32: Sicilian: Löwenthal and Kalashnikov Variations.} 7. N1c3 {Threatens
to win with Nd5.} a6 8. Na3 Bg7 {White has an edge.} 9. Nc2 Nf6 10. Be2 O-O 11.
Be3 Be6 12. O-O Rc8 {[#]} 13. f3 $146 ({Predecessor:} 13. b3 Qa5 14. Bd2 Qd8
15. Rc1 Nd4 16. f3 Nxc2 17. Rxc2 Qb6+ 18. Kh1 Nh5 19. Qc1 {1-0 (103) Ganguly,S
(2676)-Potapov,P (2483) Pardubice 2016}) 13... Nh5 14. Nd5 Bxd5 15. Qxd5 ({
Better is} 15. cxd5 $11 Ne7 16. Nb4) 15... Nd4 $1 $15 {[%cal Rd4e2]} 16. Bd3 {
[#] This move loses the game for White.} ({Not} 16. Bxd4 $2 exd4 17. f4 Qb6 $19
) (16. Nxd4 $15 exd4 17. Bd2 (17. Bxd4 $2 Nf4 $19 {[%mdl 64] Double Attack}))
16... b5 $1 $19 17. Nxd4 exd4 18. Bg5 {[#]} ({Avoid the trap} 18. Bxd4 $2 Nf4
$19) 18... Qb6 19. cxb5 {aiming for Rac1.} Rc5 {[%cal Bc8c5,Bc5g5,Bg5g2][%mdl
96] Double Attack} 20. Qb3 {Bd2 is the strong threat.} Rxg5 21. bxa6 Qxb3 22.
axb3 {Threatening f4.} Nf4 $1 {[%csl LRd3,LRg2][%mdl 64] Double Attack} 23. Bc4
{With the idea g3.} Rxg2+ {[%mdl 64] Double Attack} 24. Kh1 {If White can now
play Bd5 this consolidates a bit.} Rxb2 {Black is clearly winning.} 25. Rfb1
Rc2 {And now ...d3 would win.} 26. Rc1 d3 27. Rxc2 {Black must now prevent
Rca2.} Bxa1 (27... dxc2 $2 28. Rc1 $19) 28. Rc1 Bd4 29. Rd1 Bc5 30. h4 Kg7 31.
Kh2 Kf6 32. Kg3 Ke5 {Weighted Error Value: White=0.31/Black=0.01} 0-1

[Event "FTX Crypto Cup Prelims 2021"]
[Site "Chess24"]
[Date "2021.05.18"]
[Round "2.1"]
[White "Aronian, Levon"]
[Black "Giri, Anish"]
[Result "1/2-1/2"]
[WhiteElo "2778"]
[BlackElo "2731"]
[Annotator "TA"]
[PlyCount "145"]
[EventDate "2021.05.23"]
[EventType "tourn"]
[EventCountry "NET"]
[Tiebreak "Koya+Number of black wins+Number of wins"]
[SourceTitle "playchess.com"]
[Source "ChessBase"]
[SourceQuality "1"]

{[%evp 18,145,0,-9,25,24,41,41,29,37,54,46,43,35,49,19,17,22,60,57,68,29,80,25,
47,2,12,10,10,0,0,0,9,0,25,0,59,0,0,0,0,0,0,-49,-46,-32,-43,-175,-169,-257,
-257,-245,-252,-344,-333,-306,-77,-85,-80,-84,-85,-91,-82,-74,-42,-41,-41,-40,
-23,-18,-8,-14,0,-70,-8,-8,-8,-8,8,8,8,8,8,8,8,8,8,0,0,0,0,0,0,0,0,0,0,-246,
-246,-246,-236,-236,-232,-197,0,0,0,0,0,0,0,-8,0,-8,-8,-8,-8,-8,-8,-8,-8,-8,0,
0,0,0,0,0,0,0]} 1. e4 e5 2. Nf3 Nc6 {[%cal Bb8c6,Bc6a5,Ba5b7,Bb7c5,Bc5e4][%mdl
32]} 3. Bc4 Nf6 4. Ng5 d5 5. exd5 Na5 6. Bb5+ c6 7. dxc6 bxc6 8. Be2 h6 9. Nh3
Bd6 {The modern move.} 10. d3 Nb7 {C59: Two Knights: 4 Ng5 d5 5 exd5 Na5 5
Bb5+ c6 6 dxc6 bxc6 7 Be2.} 11. Ng1 Nc5 12. Nf3 {[#]} e4 $146 {White is
slightly better.} ({Predecessor:} 12... O-O 13. O-O Qc7 14. Nc3 Rd8 15. Qe1 Bf5
16. Be3 Ne6 17. Nd2 Nd5 18. Nde4 Bf8 {1/2-1/2 (40) Bologan,V (2734)-Beliavsky,
A (2609) Istanbul 2012}) 13. dxe4 Ncxe4 14. O-O O-O 15. Nbd2 Qc7 16. Nc4 Bc5 $1
{Hoping for ...Nxf2.} 17. Be3 Rd8 18. Qc1 Bxe3 19. Nxe3 (19. fxe3 Ba6 $11)
19... Rb8 (19... Re8 $11 {keeps the balance.}) 20. c3 (20. Bd3 $16) 20... Bg4
$11 21. Rd1 (21. Re1 {is interesting.} Bh5 22. g3 Bg6 23. Nd4 c5 24. Nf3) 21...
Ng5 22. Nxg5 ({Don't play} 22. Nxg4 Rxd1+ 23. Bxd1 Nxg4 $17) 22... Bxe2 23. Re1
Bh5 24. Nh3 Re8 25. b3 Re6 26. Nc4 Rxe1+ 27. Qxe1 Re8 28. Qd2 Bg4 29. Nf4 g5
30. Nd3 Re2 {[%mdl 1024] Black has compensation.} 31. Qc1 Bf5 32. Qd1 {[#]} ({
White should try} 32. Nde5 $15) 32... Ng4 $1 $19 {[%mdl 512]} 33. g3 {[#]} (33.
f4 {keeps fighting.} Bxd3 34. Qxd3 Qxf4 35. Qg3) 33... Qe7 $1 {[%cal Re7e4]} ({
And not} 33... Bxd3 34. Qxd3 Re6 35. Rd1 $16) 34. h3 Bxd3 35. Qxd3 Nxf2 {
[%mdl 64] Double Attack} 36. Qf5 Re1+ (36... h5 $19 {and Black stays clearly
on top.} 37. a4 g4 38. hxg4 Nh3+ 39. Kf1 h4) 37. Rxe1 $17 Qxe1+ {[%mdl 64]
Double Attack} 38. Kg2 Ne4 39. Qf3 Nxc3 40. h4 Ne4 (40... c5 {is more complex.}
41. Ne3 Qd2+ 42. Kh3 Ne2 43. Qe4 Ng1+) 41. Qe3 Qxe3 42. Nxe3 $15 {[%mdl 4096]
Endgame KN-KN} Nc3 43. a4 Ne4 44. Nf5 Kh7 45. b4 (45. hxg5 $11 hxg5 46. b4)
45... gxh4 (45... c5 $15 46. Kf3 {[#]} Nxg3 $1 47. Kxg3 cxb4) 46. gxh4 $11 c5
47. Kf3 Nc3 48. bxc5 Nxa4 49. c6 {And now c7 would win.} Nb6 50. h5 {Threatens
to win with Ke4.} a5 $1 51. Ke4 {aiming for Kd4.} a4 52. Kd4 a3 53. Kc3 {
Kb3 is the strong threat.} Nc4 54. Nd4 ({Don't go for} 54. Kxc4 $2 a2 $19)
54... a2 55. Nc2 Ne3 {( -> ...Nxc2)} 56. Na1 Nd5+ 57. Kc4 $2 (57. Kb2 $11 {
and White stays safe.}) 57... Ne7 $19 58. c7 Kg7 59. Kb3 Kf6 60. Kxa2 Kg5 $2 ({
Better is} 60... Ke5 $19 {Strongly threatening ...Kd6.} 61. Kb3 Kd6) 61. Kb3
$11 {The position is equal.} Kxh5 62. Nc2 Kg5 63. Kc4 h5 {With the idea ...h4.}
64. Kd3 h4 {White must now prevent ...h3.} 65. Ke2 Kf6 66. Nd4 Nc8 67. Kf3 Ke5
68. Nc6+ Kd6 69. Nd8 Kxc7 70. Nxf7 Nd6 71. Nxd6 Kxd6 72. Kg4 h3 73. Kxh3 {
Weighted Error Value: White=0.27/Black=0.18} 1/2-1/2